Представление документа в формате MARC21

ПолеНазваниеЗначение
  Тип записи a
  Библиографический уровень m
001 Контрольный номер RU\infra-m\znanium\bibl\2226981
005 Дата корректировки 20260429142155.8
008 Кодируемые данные 250923s2025 RU g rus u
020 Индекс ISBN __
a ISBN 978-5-9729-2342-7
040 Источник каталогиз. __
a Служба первич. каталог. Общество с ограниченной ответственностью «ЗНАНИУМ»
041 Код языка издания __
a Код языка текста rus
044 Код страны публикации __
a Код страны публикации RU
080 Индекс УДК __
a Индекс УДК 621
084 Индекс другой классификации/Индекс ББК __
2 Источник индекса rubbk
a Индекс другой классификации/Индекс ББК 313
084 Индекс другой классификации/Индекс ББК __
2 Источник индекса okso
a Индекс другой классификации/Индекс ББК 13.03.01
084 Индекс другой классификации/Индекс ББК __
2 Источник индекса okso
a Индекс другой классификации/Индекс ББК 13.04.01
084 Индекс другой классификации/Индекс ББК __
2 Источник индекса okso
a Индекс другой классификации/Индекс ББК 15.03.01
100 Автор __
a Автор Бойко Е.А.
q Полное имя Бойко Евгений Анатольевич
u Дополнение Сибирский федеральный университет
245 Заглавие __
a Заглавие Устройство и конструкционные характеристики энергетических котельных агрегатов
b Продолж. заглавия Учебное пособие
c Ответственность Сибирский федеральный университет
250 Сведения об издании __
a Основные сведения об издании 2
260 Выходные данные __
a Место издания Вологда
b Издательство Инфра-Инженерия
c Дата издания 2025
300 Физическое описание __
a Объем 364 с.
520 Аннотация __
a Аннотация Рассмотрены основные конструктивные и технические характеристики энергетических котельных агрегатов. Приведены краткие описания конструкций различных типов паровых котлов и перечень основного котельно-вспомогательного оборудования. Для студентов тепло- и электроэнергетических энергомашиностроительных направлений подготовки. Может быть использовано производственно-техническим персоналом занимающимся проектированием наладкой и эксплуатацией котельных агрегатов тепловых электростанций.
521 Примеч. о цел. назн. __
a Примеч. о целев. назн. ВО - Бакалавриат
650 Тематические рубрики __
a Основная рубрика Промышленность. Энергетика
x Основная подрубрика Теплоэнергетика. Теплотехника
655 Указ. предметных рубрик (устаревшее) __
a Жанр/ форма (устаревшее) Учебное пособие
856 Электронный адрес документа 4_
a Имя сервера/домена znanium.ru
m Помощь ebs_support@infra-m.ru
n Местонахождение сервера НИЦ ИНФРА-М
u URL https://znanium.ru/catalog/document?id=470306
856 Электронный адрес документа 48
a Имя сервера/домена znanium.ru
d Путь /cover/2226
f Электронное имя 2226981.jpg
q Тип электронного формата image/jpeg
u URL https://znanium.ru/cover/2226/2226981.jpg
911 __
u 0030=https://znanium.ru/catalog/document?id=470306